| 000 | 00360nam a2200157Ia 4500 | ||
|---|---|---|---|
| 003 | Ost | ||
| 005 | 20260225132551.0 | ||
| 008 | 260225s9999||||xx |||||||||||||| ||und|| | ||
| 040 | _cfsic | ||
| 041 | _afre | ||
| 082 | _a821.914 | ||
| 100 |
_aRobert Mantrau _eAuteur |
||
| 245 | 0 | _aLes grandes dates de l'islam / | |
| 245 | 0 | _cRobert Mantrau | |
| 942 | _cكتاب | ||
| 999 |
_c34172 _d34172 |
||